[Event "Titled Tuesday intern op 19th Sep Early"]
[Site "Chess.com INT"]
[Date "2023.09.19"]
[Round "4"]
[White "Mamedov, Edgar"]
[Black "Vokhidov, Shamsiddin"]
[Result "0-1"]
[WhiteElo "2239"]
[BlackElo "2578"]
[PlyCount "122"]
[EventDate "2023.09.19"]
[EventType "swiss (blitz)"]
[EventRounds "11"]
[EventCountry "USA"]
[SourceTitle "EXT 2024"]
[Source "ChessBase"]
[SourceDate "2023.10.10"]
[SourceVersion "1"]
[SourceVersionDate "2023.10.10"]
[SourceQuality "1"]

1. d4 Nf6 2. Bg5 d5 3. e3 c5 4. Bxf6 gxf6 5. dxc5 e6 6. Nf3 Bxc5 7. c4 dxc4 8. Qxd8+ Kxd8 9. Bxc4 Nc6 10. Nc3 Ke7 11. Ke2 Bd7 12. Rhd1 f5 13. Rac1 Rac8 14. g3 h6 15. e4 Na5 16. Bd3 fxe4 17. Nxe4 Bb6 18. Ne5 Ba4 19. b3 Nc6 20. bxa4 Nxe5 21. Bb1 Rxc1 22. Rxc1 Rd8 23. Nc5 Rd4 24. a5 Bxa5 25. Nb3 Ra4 26. Nxa5 Rxa5 27. Rc7+ Kf6 28. Rxb7 Ra3 29. Rb3 Ra4 30. f4 Nc6 31. Rc3 Nd4+ 32. Ke3 Rb4 33. Be4 Ra4 34. g4 Nb5 35. Rc2 Ra3+ 36. Bd3 Nc3 37. h4 Nd5+ 38. Ke4 Nxf4 39. Kxf4 Rxd3 40. Rf2 Ra3 41. Ke4+ Kg6 42. Kf4 a6 43. Rb2 Ra4+ 44. Kf3 h5 45. gxh5+ Kxh5 46. Rb7 Kg6 47. h5+ Kf6 48. h6 Rh4 49. Ra7 Rxh6 50. Rxa6 Kf5 51. Ra7 f6 52. Ra4 Rh3+ 53. Kg2 Rc3 54. Ra5+ e5 55. Kf2 Kf4 56. Ra4+ e4 57. Ra6 f5 58. Ra5 Rc2+ 59. Kf1 e3 60. a4 Ke4 61. Ra8 Kf3 0-1

[Event "Titled Tuesday intern op 12th Sep Early"]
[Site "Chess.com INT"]
[Date "2023.09.12"]
[Round "3"]
[White "Ibrahimli, Murad Sultanali"]
[Black "Mamedov, Edgar"]
[Result "1-0"]
[WhiteElo "2396"]
[BlackElo "2239"]
[PlyCount "105"]
[EventDate "2023.09.12"]
[EventType "swiss (blitz)"]
[EventRounds "11"]
[EventCountry "USA"]
[SourceTitle "EXT 2024"]
[Source "ChessBase"]
[SourceDate "2023.10.10"]
[SourceVersion "1"]
[SourceVersionDate "2023.10.10"]
[SourceQuality "1"]

1. e4 c5 2. Nf3 Nc6 3. Bc4 e6 4. 0-0 Nf6 5. e5 Ng4 6. Re1 d6 7. Bb5 Bd7 8. exd6 Bxd6 9. Nc3 a6 10. Bf1 Qc7 11. g3 Nge5 12. Bg2 0-0 13. Nxe5 Bxe5 14. d3 Rad8 15. Ne4 Nd4 16. c3 Nf5 17. a4 Bc6 18. Qe2 b6 19. h4 Nd6 20. Ng5 Bxg2 21. Kxg2 Bf6 22. Nf3 Qc6 23. Kh2 b5 24. axb5 axb5 25. Bg5 Ne8 26. Ra7 b4 27. Ne5 Qd5 28. c4 Qd6 29. Bf4 Bxe5 30. Bxe5 Qxd3 31. Qxd3 Rxd3 32. Ra5 f6 33. Bf4 Rb3 34. Re2 e5 35. Be3 Nc7 36. Rxc5 Ne6 37. Rb5 Rc8 38. c5 Nc7 39. Ra5 Nd5 40. Bc1 Ne7 41. Be3 Nd5 42. Bc1 Ne7 43. Kg2 Nc6 44. Ra6 Nd4 45. Re4 Rxc5 46. Be3 Rd5 47. Ra8+ Kf7 48. Ra7+ Kf8 49. Rg4 Nf5 50. Bb6 Rxb2 51. Rc4 Ne7 52. Rcc7 Nf5 53. Rc8+ 1-0

[Event "Titled Tuesday intern op 12th Sep Early"]
[Site "Chess.com INT"]
[Date "2023.09.12"]
[Round "10"]
[White "Mamedov, Edgar"]
[Black "Puranik, Abhimanyu Sameer"]
[Result "1-0"]
[WhiteElo "2239"]
[BlackElo "2611"]
[PlyCount "77"]
[EventDate "2023.09.12"]
[EventType "swiss (blitz)"]
[EventRounds "11"]
[EventCountry "USA"]
[SourceTitle "EXT 2024"]
[Source "ChessBase"]
[SourceDate "2023.10.10"]
[SourceVersion "1"]
[SourceVersionDate "2023.10.10"]
[SourceQuality "1"]

1. d4 Nf6 2. Bg5 e6 3. e4 h6 4. Bxf6 Qxf6 5. c3 c5 6. Nf3 cxd4 7. cxd4 Bb4+ 8. Nc3 d6 9. Bb5+ Bd7 10. Bxd7+ Nxd7 11. 0-0 Bxc3 12. bxc3 0-0 13. Qb3 b6 14. a4 Rab8 15. a5 b5 16. c4 a6 17. cxb5 Rxb5 18. Qc4 Qd8 19. Qc6 Nb8 20. Qc3 Qd7 21. Rfc1 Qb7 22. Nd2 Nd7 23. Qc6 Nf6 24. Qxd6 Nxe4 25. Nxe4 Qxe4 26. Qxa6 Rg5 27. Qf1 Qxd4 28. a6 Ra8 29. g3 Ra7 30. Rd1 Qb6 31. Rdb1 Qc6 32. Rb8+ Kh7 33. Qb1+ f5 34. Qb6 Qxb6 35. Rxb6 Rg4 36. f4 e5 37. Rb7 Ra8 38. fxe5 Re4 39. a7 1-0

[Event "Titled Tuesday intern op 12th Sep Early"]
[Site "Chess.com INT"]
[Date "2023.09.12"]
[Round "6"]
[White "Mamedov, Edgar"]
[Black "Tulchynskyi, Feliks"]
[Result "1/2-1/2"]
[WhiteElo "2239"]
[BlackElo "2228"]
[PlyCount "118"]
[EventDate "2023.09.12"]
[EventType "swiss (blitz)"]
[EventRounds "11"]
[EventCountry "USA"]
[SourceTitle "EXT 2024"]
[Source "ChessBase"]
[SourceDate "2023.10.10"]
[SourceVersion "1"]
[SourceVersionDate "2023.10.10"]
[SourceQuality "1"]

1. d4 d5 2. Nf3 Nf6 3. e3 c5 4. c4 e6 5. Nc3 cxd4 6. exd4 Nc6 7. c5 Ne4 8. Bb5 Nxc3 9. bxc3 Bd7 10. 0-0 Be7 11. Rb1 0-0 12. Bf4 Na5 13. Bxd7 Qxd7 14. Ne5 Qc8 15. Qa4 b6 16. Rfc1 f6 17. Nd7 Rf7 18. cxb6 Bd6 19. Qxa5 Qxd7 20. b7 Rb8 21. Bxd6 Qxd6 22. Qxa7 Qc7 23. Qb6 Re7 24. a4 Qxb6 25. Rxb6 Rbxb7 26. Rcb1 Rxb6 27. Rxb6 Rc7 28. Rb3 e5 29. dxe5 d4 30. e6 Kf8 31. c4 Rxc4 32. Kf1 Rxa4 33. Rb7 d3 34. e7+ Ke8 35. Ke1 Ra2 36. g4 Re2+ 37. Kf1 Rxe7 38. Rb3 Rd7 39. Ke1 Kf7 40. Kd2 Ke6 41. Rxd3 Rxd3+ 42. Kxd3 Ke5 43. Ke3 g6 44. f4+ Kd5 45. Kd3 h6 46. h4 g5 47. fxg5 fxg5 48. hxg5 hxg5 49. Ke3 Ke5 50. Kf3 Kd4 51. Kf2 Ke4 52. Kg3 Ke3 53. Kg2 Kf4 54. Kf2 Ke4 55. Kg2 Ke3 56. Kg3 Ke4 57. Kg2 Kd3 58. Kf3 Kd4 59. Kf2 Ke4 1/2-1/2

[Event "Titled Tuesday intern op 12th Sep Early"]
[Site "Chess.com INT"]
[Date "2023.09.12"]
[Round "11"]
[White "Mamedov, Edgar"]
[Black "Zhigalko, Sergei"]
[Result "1-0"]
[WhiteElo "2239"]
[BlackElo "2572"]
[PlyCount "123"]
[EventDate "2023.09.12"]
[EventType "swiss (blitz)"]
[EventRounds "11"]
[EventCountry "USA"]
[SourceTitle "EXT 2024"]
[Source "ChessBase"]
[SourceDate "2023.10.10"]
[SourceVersion "1"]
[SourceVersionDate "2023.10.10"]
[SourceQuality "1"]

1. d4 Nf6 2. Bg5 d5 3. e3 Nbd7 4. Nf3 e6 5. Nbd2 Be7 6. Bd3 b6 7. e4 dxe4 8. Nxe4 Bb7 9. Nxf6+ Bxf6 10. Be3 c5 11. c3 0-0 12. 0-0 Rc8 13. dxc5 Nxc5 14. Be2 Qc7 15. Qc1 Rfd8 16. Bf4 Qc6 17. Bg5 Bxg5 18. Qxg5 h6 19. Qe3 Na4 20. Rab1 Qe4 21. Bb5 Qxe3 22. fxe3 Nc5 23. Nd4 Be4 24. Rbd1 e5 25. Nf3 f6 26. Rd2 Rxd2 27. Nxd2 Rd8 28. Rf2 Bd3 29. c4 Kf8 30. Bc6 Bg6 31. Bd5 Nd3 32. Rf1 Nxb2 33. e4 Nd3 34. Nf3 Ke7 35. Nh4 Bh7 36. Rf3 Nc5 37. Ra3 Rd7 38. Nf5+ Bxf5 39. exf5 Kd6 40. Kf2 e4 41. Ke3 Ke5 42. g4 b5 43. Ra5 a6 44. h3 Rd6 45. Ra3 bxc4 46. Bxc4 Rd1 47. Ra5 Kd6 48. Bxa6 Rh1 49. Kd4 Nd7 50. Kxe4 Ke7 51. Bb5 Nc5+ 52. Kd5 Rxh3 53. Kxc5 Rh4 54. Be2 Rh3 55. Ra7+ Kf8 56. a4 Ra3 57. a5 h5 58. gxh5 Kg8 59. a6 Kh7 60. Ra8 Ra2 61. Bc4 Rxa6 62. Bxa6 1-0

[Event "Titled Tuesday intern op 12th Sep Early"]
[Site "Chess.com INT"]
[Date "2023.09.12"]
[Round "7"]
[White "Nilsen, Tobias Lang"]
[Black "Mamedov, Edgar"]
[Result "0-1"]
[WhiteElo "2219"]
[BlackElo "2239"]
[PlyCount "26"]
[EventDate "2023.09.12"]
[EventType "swiss (blitz)"]
[EventRounds "11"]
[EventCountry "USA"]
[SourceTitle "EXT 2024"]
[Source "ChessBase"]
[SourceDate "2023.10.10"]
[SourceVersion "1"]
[SourceVersionDate "2023.10.10"]
[SourceQuality "1"]

1. e4 c5 2. Nf3 e6 3. d4 cxd4 4. Nxd4 Nf6 5. Nc3 Nc6 6. a3 Be7 7. f4 0-0 8. e5 Nd5 9. Nxd5 exd5 10. Nf5 d6 11. Nxd6 Bxd6 12. exd6 Re8+ 13. Be2 Bg4 0-1

[Event "Titled Tuesday intern op 22nd Aug Late"]
[Site "Chess.com INT"]
[Date "2023.08.22"]
[Round "7"]
[White "Batsuren, Dambasuren"]
[Black "Mamedov, Edgar"]
[Result "0-1"]
[WhiteElo "2519"]
[BlackElo "2239"]
[PlyCount "68"]
[EventDate "2023.08.22"]
[EventType "swiss (blitz)"]
[EventRounds "11"]
[EventCountry "USA"]
[SourceTitle "EXT 2024"]
[Source "ChessBase"]
[SourceDate "2023.10.10"]
[SourceVersion "1"]
[SourceVersionDate "2023.10.10"]
[SourceQuality "1"]

1. d4 d5 2. c4 e6 3. Nf3 c6 4. e3 Nf6 5. b3 Nbd7 6. Bb2 Bd6 7. Bd3 0-0 8. 0-0 b6 9. Nbd2 Bb7 10. Ne5 c5 11. cxd5 Bxd5 12. Nxd7 Nxd7 13. Qg4 cxd4 14. Bxd4 Be5 15. Rfd1 Bxd4 16. Qxd4 Qg5 17. e4 Bc6 18. Rac1 Ne5 19. h4 Qf4 20. g3 Qf6 21. Be2 Rad8 22. Qe3 Ba8 23. Rc7 Rd7 24. Rdc1 Rfd8 25. Rxd7 Rxd7 26. f4 Nc6 27. Bb5 Rc7 28. e5 Qd8 29. Ne4 h5 30. Nd6 Nb4 31. Rd1 Nd5 32. Qf3 Rc3 33. Qf2 Ne3 34. Re1 Ng4 0-1